| 000 | 01002nam0a2200313 4500 | ||
|---|---|---|---|
| 001 | RU\NLR\bibl\575995 | ||
| 005 | 20250610134222.0 | ||
| 010 | _a5-05-006008-7 | ||
| 010 |
_a0-263-83391-7 _955000 |
||
| 021 |
_aRU _b2004-62110 _93053 |
||
| 035 | _a(NLR Aleph) 000568035 | ||
| 090 |
_a1574631 _c1574631 |
||
| 100 | _a20041119d2004 |||y0rusy50 ca | ||
| 101 | 1 |
_arus _ceng |
|
| 102 | _aRU | ||
| 105 | _ay ||||||||| | ||
| 200 | 1 |
_aПарижское счастье _eроман _fБарбара Ханней _gпер. с англ. [О. Дмитриевой] |
|
| 210 |
_aМ. _cРадуга _d2004 |
||
| 215 |
_a172, [1] с. _d17 |
||
| 225 | 1 |
_aЛюбовный роман _v973 |
|
| 225 | 1 | _aHarlequin | |
| 686 | _aШ6(4Вл)67-440.4{Лх1299-50} | ||
| 700 | 1 |
_4070 _7ca _8rus _aХанней _bБ. _gБарбара _9209078 _3RU\NLR\AUTH\770209132 |
|
| 801 | 0 |
_aRU _bNLR _c20041119 _gPSBO |
|
| 801 | 1 |
_aRU _bNLR _c20041119 |
|
| 942 | _cBOOK | ||
| 980 | _aNB | ||